• 首页
  • 本馆介绍
  • 公告通知
  • 最新文献
  • 馆藏检索
  • 电子资源
  • 读者导购
  • 参考咨询
  • 我的图书馆
  • 登录
  • 详细信息显示
  • 放入我的书架
  • 预约/预借图书
  • 作者相关作品
  • 分类相关作品
  • 丛书相关作品
  • 出版社相关作品

书目信息

  • 表格格式
  • 工作单格式
  • 卡片格式
题名:
中国初等数学研究
    
 
作者: 杨学枝 主编
分册: No.8 2017  
出版信息: 哈尔滨   哈尔滨工业大学出版社  2017.1
页数: 144,16页
开本: 30cm
丛书名:
单 册:
中图分类: O12-53
科图分类:
主题词: 初等数学--中国--文集
电子资源:
ISBN: 978-7-5603-6378-3
000 00826nam0 2200229 450
001 0400001832
005 20171025153934.40
010    @a978-7-5603-6378-3@dCNY98.00
100    @a20170328e2017 em y0chiy50 ea
101 0  @achi
102    @aCN@b230000
105    @aa z 000yy
106    @ar
200 1  @a中国初等数学研究@9zhong guo chu deng shu xue yan jiu@hNo.8 2017@f杨学枝主编
210    @a哈尔滨@c哈尔滨工业大学出版社@d2017.1
215    @a144,16页@c图@d30cm
330    @a本书收录了《关于无迹方阵积和式项数问题的研究》《关于有理和无理指数的费马大定理》《多面体的一个基本性质》《一个不等式难题的证明》《一个经典问题的推广》等文章。
606 0  @a初等数学@y中国@j文集
690    @aO12-53@v5
701  0 @a杨学枝@9yang xue zhi@f(1947-)@4主编
801  0 @aCN@b91MARC@c20171019
905    @b1025751-5@dO12-53@f5@e143(2017)
    
    中国初等数学研究.No.8 2017/杨学枝主编.-哈尔滨:哈尔滨工业大学出版社,2017.1
    144,16页:图;30cm
    
    
    ISBN 978-7-5603-6378-3:CNY98.00
    本书收录了《关于无迹方阵积和式项数问题的研究》《关于有理和无理指数的费马大定理》《多面体的一个基本性质》《一个不等式难题的证明》《一个经典问题的推广》等文章。
●
相关链接 在E读中查询图书 在五车中查询图书 在当当中查询图书 在豆瓣中查询图书


正题名:中国初等数学研究     索取号:O12-53/143(2017)         预约/预借

序号 登录号 条形码 馆藏地/架位号 状态 备注
1 1025751   210257513   第二样本阅览室/ [索取号:O12-53/143(2017)] 在馆    
2 1025752   210257522   密集书库-数信学院/ [索取号:O12-53/143(2017)] 在馆    
3 1025753   210257531   第三借阅区/ [索取号:O12-53/143(2017)] 在馆    
4 1025754   210257540   第三借阅区/ [索取号:O12-53/143(2017)] 在馆    
5 1025755   210257559   第三借阅区/ [索取号:O12-53/143(2017)] 在馆    
唐山师范学院图书馆 欢迎您!
大连网信软件有限公司© 版权所有